Civil War General Knowledge Quiz - Statistics

General Stats
  • This quiz has been taken 723 times
  • The average score is 12 of 18
Answer Stats
Hint Answer % Correct
Year the War began 1861
97%
General who surrendered at Appomattox Courthouse Robert E. Lee
94%
General who he surrendered to Ulysses S. Grant
93%
President of the Confederacy Jefferson Davis
90%
Bloodiest Battle of the War Gettysburg
89%
Year the War ended 1865
88%
Year of that Battle 1863
87%
General who marched to the Sea William Sherman
83%
First major battle First Bull Run
74%
Single Bloodiest Day of the War Antietam
73%
This Mississippi town surrendered July 4th, 1863 Vicksburg
62%
Union General at that battle George McClellan
49%
City he presented to President Lincoln as a Christmas gift Savannah
46%
Union General at that battle George Meade
45%
Albert Sydney Johnson died at this battle in Tennessee Shiloh
39%
First General in Chief of the Union; created the Anaconda Plan Winfield Scott
36%
Confederate General at that battle Joseph Johnston
24%
Union General at that battle Irwin McDowell
21%
No matching quizzes found
Score Distribution
Percent of People with Each Score
Percentile by Number Answered
Your Score History
You have not taken this quiz